[Event "45th FIDE Chess Olympiad Open"]
[Site "Budapest, Hungary"]
[Date "2024.09.21"]
[Round "10"]
[White "Santos Latasa, Jaime"]
[Black "Tran, Tuan Minh"]
[Result "1/2-1/2"]
[Board "36"]
[WhiteFideId "2293307"]
[BlackFideId "12401820"]
[WhiteTitle "GM"]
[BlackTitle "GM"]
[WhiteElo "2624"]
[BlackElo "2434"]
[WhiteTeam "Spain"]
[BlackTeam "Vietnam"]
[WhiteClock "1:08:12"]
[BlackClock "0:01:50"]
[Variant "Standard"]

1. e4 {[%clk 1:30:56]}  c5 {[%clk 1:30:51]} 2. Nf3 {[%clk 1:31:20]}  d6 {[%clk 1:31:18]} 3. d4 {[%clk 1:31:42]}  cxd4 {[%clk 1:31:43]} 4. Nxd4 {[%clk 1:32:07]}  Nf6 {[%clk 1:32:10]} 5. Nc3 {[%clk 1:32:32]}  a6 {[%clk 1:32:38]} 6. f3 {[%clk 1:32:35]}  e5 {[%clk 1:33:02]} 7. Nb3 {[%clk 1:33:01]}  Be6 {[%clk 1:33:30]} 8. Be3 {[%clk 1:33:24]}  Be7 {[%clk 1:33:54]} 9. Qd2 {[%clk 1:33:25]}  Nbd7 {[%clk 1:34:13]} 10. g4 {[%clk 1:32:12]}  O-O {[%clk 1:33:26]} 11. O-O-O {[%clk 1:31:44]}  b5 {[%clk 1:33:52]} 12. g5 {[%clk 1:32:07]}  Nh5 {[%clk 1:31:15]} 13. Nd5 {[%clk 1:32:02]}  Bxd5 {[%clk 1:31:41]} 14. exd5 {[%clk 1:32:27]}  f6 {[%clk 1:30:42]} 15. gxf6 {[%clk 1:32:44]}  Bxf6 {[%clk 1:30:52]} 16. Na5 {[%clk 1:32:54]}  Kh8 {[%clk 1:23:20]} 17. Kb1 {[%clk 1:30:19]}  Qe8 {[%clk 0:55:59]} 18. Rg1 {[%clk 1:19:03]}  Bd8 {[%clk 0:53:00]} 19. Nb7 {[%clk 1:17:00]}  Bc7 {[%clk 0:48:26]} 20. Qc3 {[%clk 1:16:52]}  Rc8 {[%clk 0:22:40]} 21. Qa3 {[%clk 1:12:26]}  Rxf3 {[%clk 0:18:06]} 22. Be2 {[%clk 1:12:09]}  Rxe3 {[%clk 0:16:19]} 23. Qxe3 {[%clk 1:12:04]}  Nf4 {[%clk 0:06:32]} 24. Bg4 {[%clk 1:11:39]}  Rb8 {[%clk 0:06:59]} 25. Qc3 {[%clk 1:08:54]}  Rxb7 {[%clk 0:06:46]} 26. Qc6 {[%clk 1:09:19]}  Qb8 {[%clk 0:06:57]} 27. Bxd7 {[%clk 1:09:36]}  Rb6 {[%clk 0:03:38]} 28. Qc3 {[%clk 1:09:49]}  Qd8 {[%clk 0:04:04]} 29. Bg4 {[%clk 1:09:36]}  Rb8 {[%clk 0:03:22]} 30. Qf3 {[%clk 1:07:52]}  Bb6 {[%clk 0:03:27]} 31. Rgf1 {[%clk 1:08:09]}  Bc5 {[%clk 0:03:37]} 32. Qe4 {[%clk 1:07:48]}  Qg5 {[%clk 0:04:02]} 33. Be6 {[%clk 1:06:54]}  a5 {[%clk 0:04:15]} 34. Rf3 {[%clk 1:06:39]}  g6 {[%clk 0:03:05]} 35. Qe1 {[%clk 1:03:54]}  b4 {[%clk 0:03:08]} 36. Qg3 {[%clk 1:03:52]}  Qf6 {[%clk 0:02:39]} 37. Bd7 {[%clk 1:02:29]}  Kg7 {[%clk 0:02:59]} 38. Qe1 {[%clk 1:02:12]}  Rf8 {[%clk 0:03:19]} 39. Qe4 {[%clk 1:01:51]}  Qh4 {[%clk 0:03:07]} 40. h3 {[%clk 1:02:03]}  Rf7 {[%clk 0:02:45]} 41. Bb5 {[%clk 1:01:20]}  Qg5 {[%clk 0:28:21]} 42. Rdf1 {[%clk 1:30:47]}  Qd8 {[%clk 0:27:47]} 43. Ba4 {[%clk 1:29:18]}  Rf5 {[%clk 0:27:25]} 44. Rd1 {[%clk 1:26:44]}  Rf7 {[%clk 0:27:03]} 45. c3 {[%clk 1:23:16]}  Qc8 {[%clk 0:25:22]} 46. cxb4 {[%clk 1:22:55]}  axb4 {[%clk 0:25:45]} 47. Bc2 {[%clk 1:22:41]}  Qf5 {[%clk 0:19:35]} 48. Qc4 {[%clk 1:20:54]}  Qh5 {[%clk 0:20:03]} 49. Rdf1 {[%clk 1:20:48]}  Qg5 {[%clk 0:19:54]} 50. Be4 {[%clk 1:20:55]}  Qd8 {[%clk 0:19:16]} 51. Qb5 {[%clk 1:17:58]}  Ra7 {[%clk 0:19:02]} 52. Rc1 {[%clk 1:15:50]}  Qe7 {[%clk 0:18:19]} 53. Rb3 {[%clk 1:14:01]}  Qh4 {[%clk 0:17:04]} 54. Qf1 {[%clk 1:12:42]}  Nh5 {[%clk 0:14:22]} 55. Qe1 {[%clk 1:12:14]}  Qxe1 {[%clk 0:13:10]} 56. Rxe1 {[%clk 1:12:36]}  Nf4 {[%clk 0:13:30]} 57. Rd1 {[%clk 1:11:57]}  Kh6 {[%clk 0:13:05]} 58. Rg3 {[%clk 1:12:00]}  Kg7 {[%clk 0:10:07]} 59. Rf1 {[%clk 1:11:26]}  Ra4 {[%clk 0:07:57]} 60. Bc2 {[%clk 1:11:14]}  Ra7 {[%clk 0:08:21]} 61. Be4 {[%clk 1:11:38]}  Ra4 {[%clk 0:08:24]} 62. Bc2 {[%clk 1:11:47]}  Ra5 {[%clk 0:07:02]} 63. Be4 {[%clk 1:11:45]}  Ra7 {[%clk 0:07:19]} 64. Rd1 {[%clk 1:08:10]}  Kf6 {[%clk 0:05:21]} 65. Rh1 {[%clk 1:07:51]}  Ra4 {[%clk 0:03:35]} 66. Bc2 {[%clk 1:07:20]}  Ra7 {[%clk 0:03:43]} 67. Be4 {[%clk 1:07:45]}  Rg7 {[%clk 0:03:24]} 68. h4 {[%clk 1:07:16]}  Ra7 {[%clk 0:03:25]} 69. Rf1 {[%clk 1:07:24]}  Kg7 {[%clk 0:03:32]} 70. Rgf3 {[%clk 1:06:36]}  Kh6 {[%clk 0:03:20]} 71. Rg3 {[%clk 1:07:01]}  Kg7 {[%clk 0:03:37]} 72. Rgf3 {[%clk 1:07:23]}  Kh6 {[%clk 0:02:25]} 73. Rg3 {[%clk 1:07:48]}  Ra8 {[%clk 0:02:33]} 74. Rh1 {[%clk 1:07:57]}  Ra4 {[%clk 0:02:14]} 75. Bc2 {[%clk 1:08:15]}  Ra5 {[%clk 0:02:13]} 76. Be4 {[%clk 1:08:40]}  Ra8 {[%clk 0:02:31]} 77. Rf1 {[%clk 1:08:18]}  Kg7 {[%clk 0:02:38]} 78. Rgf3 {[%clk 1:08:35]}  Ra7 {[%clk 0:02:54]} 79. Rg3 {[%clk 1:08:18]}  Ra6 {[%clk 0:02:18]} 80. Rgf3 {[%clk 1:08:12]}  Ra7 {[%clk 0:01:50]} 1/2-1/2

[Event "45th FIDE Chess Olympiad Open"]
[Site "Budapest, Hungary"]
[Date "2024.09.21"]
[Round "10"]
[White "Carlsen, Magnus"]
[Black "Schitco, Ivan"]
[Result "1-0"]
[Board "37"]
[WhiteFideId "1503014"]
[BlackFideId "13905465"]
[WhiteTitle "GM"]
[BlackTitle "GM"]
[WhiteElo "2832"]
[BlackElo "2527"]
[WhiteTeam "Norway"]
[BlackTeam "Moldova"]
[WhiteClock "0:34:14"]
[BlackClock "0:27:00"]
[Variant "Standard"]

1. d4 {[%clk 1:27:56]}  d5 {[%clk 1:30:48]} 2. Nf3 {[%clk 1:27:53]}  Nf6 {[%clk 1:31:11]} 3. e3 {[%clk 1:28:13]}  Bf5 {[%clk 1:29:26]} 4. c4 {[%clk 1:23:35]}  c6 {[%clk 1:29:43]} 5. Nc3 {[%clk 1:23:47]}  e6 {[%clk 1:29:55]} 6. Nh4 {[%clk 1:22:56]}  Be4 {[%clk 1:30:18]} 7. f3 {[%clk 1:18:15]}  Bg6 {[%clk 1:30:29]} 8. Qb3 {[%clk 1:14:37]}  Qc7 {[%clk 1:30:37]} 9. Bd2 {[%clk 1:14:21]}  a5 {[%clk 1:30:52]} 10. cxd5 {[%clk 1:11:19]}  Nxd5 {[%clk 1:31:11]} 11. g3 {[%clk 1:05:40]}  Nd7 {[%clk 1:27:23]} 12. e4 {[%clk 1:00:42]}  Nxc3 {[%clk 1:27:33]} 13. bxc3 {[%clk 1:00:55]}  b5 {[%clk 1:25:23]} 14. a3 {[%clk 0:53:37]}  Be7 {[%clk 1:08:11]} 15. Nxg6 {[%clk 0:53:15]}  hxg6 {[%clk 1:07:45]} 16. Kf2 {[%clk 0:53:37]}  Rb8 {[%clk 1:02:55]} 17. Be2 {[%clk 0:52:15]}  g5 {[%clk 0:58:22]} 18. Be3 {[%clk 0:49:50]}  Nb6 {[%clk 0:54:13]} 19. Kg2 {[%clk 0:46:45]}  Kf8 {[%clk 0:42:16]} 20. Rhf1 {[%clk 0:42:20]}  Kg8 {[%clk 0:40:27]} 21. Rf2 {[%clk 0:35:54]}  Nd7 {[%clk 0:28:00]} 22. f4 {[%clk 0:29:27]}  gxf4 {[%clk 0:21:49]} 23. Bxf4 {[%clk 0:27:54]}  Bd6 {[%clk 0:21:59]} 24. e5 {[%clk 0:27:48]}  Be7 {[%clk 0:17:47]} 25. Bg4 {[%clk 0:25:21]}  a4 {[%clk 0:16:25]} 26. Qa2 {[%clk 0:25:40]}  Nf8 {[%clk 0:16:07]} 27. Raf1 {[%clk 0:25:49]}  Rh7 {[%clk 0:14:42]} 28. h4 {[%clk 0:23:32]}  Qd8 {[%clk 0:13:06]} 29. Be3 {[%clk 0:19:32]}  g5 {[%clk 0:09:18]} 30. h5 {[%clk 0:15:44]}  Qd5+ {[%clk 0:08:46]} 31. Bf3 {[%clk 0:16:03]}  Qxa2 {[%clk 0:08:03]} 32. Rxa2 {[%clk 0:16:31]}  Rc8 {[%clk 0:07:45]} 33. g4 {[%clk 0:13:36]}  f5 {[%clk 0:03:26]} 34. exf6 {[%clk 0:13:30]}  Bxf6 {[%clk 0:03:44]} 35. Be4 {[%clk 0:13:29]}  Rh6 {[%clk 0:03:55]} 36. Raf2 {[%clk 0:11:04]}  Kg7 {[%clk 0:03:50]} 37. Kg3 {[%clk 0:09:45]}  Rc7 {[%clk 0:03:07]} 38. Bxg5 {[%clk 0:04:05]}  Bxg5 {[%clk 0:03:29]} 39. Rxf8 {[%clk 0:04:28]}  Rh8 {[%clk 0:02:44]} 40. Rxh8 {[%clk 0:04:22]}  Kxh8 {[%clk 0:03:13]} 41. h6 {[%clk 0:04:15]}  Be7 {[%clk 0:27:00]} 42. g5 {[%clk 0:34:14]} 1-0

[Event "45th FIDE Chess Olympiad Open"]
[Site "Budapest, Hungary"]
[Date "2024.09.21"]
[Round "10"]
[White "Macovei, Andrei"]
[Black "Christiansen, Johan-Sebastian"]
[Result "1-0"]
[Board "38"]
[WhiteFideId "13904680"]
[BlackFideId "1512668"]
[WhiteTitle "IM"]
[BlackTitle "GM"]
[WhiteElo "2464"]
[BlackElo "2661"]
[WhiteTeam "Moldova"]
[BlackTeam "Norway"]
[WhiteClock "0:06:46"]
[BlackClock "0:10:38"]
[Variant "Standard"]

1. e4 {[%clk 1:30:57]}  c5 {[%clk 1:30:41]} 2. Nf3 {[%clk 1:30:47]}  Nf6 {[%clk 1:30:55]} 3. e5 {[%clk 1:29:36]}  Nd5 {[%clk 1:31:16]} 4. Nc3 {[%clk 1:29:40]}  e6 {[%clk 1:31:40]} 5. g3 {[%clk 1:18:38]}  Nc6 {[%clk 1:32:04]} 6. Bg2 {[%clk 1:18:43]}  d6 {[%clk 1:32:33]} 7. exd6 {[%clk 1:15:55]}  Bxd6 {[%clk 1:33:00]} 8. Nxd5 {[%clk 1:09:33]}  exd5 {[%clk 1:33:28]} 9. O-O {[%clk 1:09:58]}  O-O {[%clk 1:33:52]} 10. d4 {[%clk 1:10:16]}  Bg4 {[%clk 1:34:21]} 11. h3 {[%clk 1:06:40]}  Bf5 {[%clk 1:34:49]} 12. Be3 {[%clk 1:04:57]}  c4 {[%clk 1:35:17]} 13. c3 {[%clk 1:00:49]}  Qd7 {[%clk 1:35:42]} 14. Kh2 {[%clk 0:57:17]}  f6 {[%clk 1:28:50]} 15. Nd2 {[%clk 0:49:16]}  Ne7 {[%clk 1:23:24]} 16. a4 {[%clk 0:43:19]}  Be6 {[%clk 1:07:07]} 17. b3 {[%clk 0:40:37]}  cxb3 {[%clk 1:01:23]} 18. Qxb3 {[%clk 0:40:11]}  Nf5 {[%clk 1:00:28]} 19. Rfe1 {[%clk 0:37:45]}  Rac8 {[%clk 0:44:39]} 20. Kg1 {[%clk 0:29:57]}  Qf7 {[%clk 0:29:44]} 21. Nf1 {[%clk 0:27:56]}  Rfd8 {[%clk 0:28:29]} 22. Bd2 {[%clk 0:27:08]}  Bf8 {[%clk 0:28:26]} 23. h4 {[%clk 0:20:41]}  Kh8 {[%clk 0:20:47]} 24. Bf4 {[%clk 0:19:45]}  h6 {[%clk 0:16:24]} 25. h5 {[%clk 0:16:46]}  Rc6 {[%clk 0:14:24]} 26. a5 {[%clk 0:14:14]}  Rd7 {[%clk 0:13:46]} 27. Bf3 {[%clk 0:13:37]}  Ne7 {[%clk 0:06:40]} 28. Ne3 {[%clk 0:10:16]}  Rc8 {[%clk 0:07:09]} 29. Ng2 {[%clk 0:08:00]}  Nc6 {[%clk 0:04:05]} 30. Nh4 {[%clk 0:07:37]}  Be7 {[%clk 0:03:50]} 31. Qb1 {[%clk 0:04:57]}  Bf8 {[%clk 0:01:56]} 32. Qd3 {[%clk 0:04:40]}  Rdd8 {[%clk 0:01:25]} 33. Bd1 {[%clk 0:03:52]}  Ne7 {[%clk 0:01:26]} 34. Bc2 {[%clk 0:03:11]}  f5 {[%clk 0:01:55]} 35. Re3 {[%clk 0:03:01]}  Bd7 {[%clk 0:01:54]} 36. Rae1 {[%clk 0:02:42]}  Kg8 {[%clk 0:02:23]} 37. Bd6 {[%clk 0:01:50]}  Nc6 {[%clk 0:01:36]} 38. Bxf8 {[%clk 0:01:21]}  Rxf8 {[%clk 0:02:05]} 39. Ng6 {[%clk 0:01:11]}  Rfe8 {[%clk 0:02:30]} 40. a6 {[%clk 0:00:51]}  bxa6 {[%clk 0:01:09]} 41. Qxa6 {[%clk 0:20:52]}  Rxe3 {[%clk 0:27:09]} 42. Rxe3 {[%clk 0:21:19]}  Rb8 {[%clk 0:21:47]} 43. Qa2 {[%clk 0:15:37]}  Kh7 {[%clk 0:18:22]} 44. Bb3 {[%clk 0:15:32]}  Rb5 {[%clk 0:17:56]} 45. Nf4 {[%clk 0:14:32]}  Ne7 {[%clk 0:15:22]} 46. Qxa7 {[%clk 0:13:01]}  Nc6 {[%clk 0:15:08]} 47. Qa2 {[%clk 0:13:08]}  Ne7 {[%clk 0:15:29]} 48. Bd1 {[%clk 0:09:11]}  Ng8 {[%clk 0:15:23]} 49. Be2 {[%clk 0:08:20]}  Nf6 {[%clk 0:13:06]} 50. Bxb5 {[%clk 0:08:17]}  Bxb5 {[%clk 0:13:34]} 51. Qb1 {[%clk 0:08:11]}  Bd7 {[%clk 0:12:57]} 52. Qb7 {[%clk 0:06:29]}  Qg8 {[%clk 0:13:08]} 53. Re7 {[%clk 0:06:16]}  Be8 {[%clk 0:12:39]} 54. Qc8 {[%clk 0:05:42]}  Bd7 {[%clk 0:09:07]} 55. Qxg8+ {[%clk 0:05:54]}  Kxg8 {[%clk 0:09:35]} 56. Nxd5 {[%clk 0:06:03]}  Nxd5 {[%clk 0:09:51]} 57. Rxd7 {[%clk 0:06:29]}  Nxc3 {[%clk 0:10:16]} 58. f3 {[%clk 0:06:37]}  f4 {[%clk 0:10:38]} 59. g4 {[%clk 0:06:46]} 1-0

[Event "45th FIDE Chess Olympiad Open"]
[Site "Budapest, Hungary"]
[Date "2024.09.21"]
[Round "10"]
[White "Tari, Aryan"]
[Black "Lashkin, Jegor"]
[Result "1/2-1/2"]
[Board "39"]
[WhiteFideId "1510045"]
[BlackFideId "13907808"]
[WhiteTitle "GM"]
[BlackTitle "FM"]
[WhiteElo "2642"]
[BlackElo "2472"]
[WhiteTeam "Norway"]
[BlackTeam "Moldova"]
[WhiteClock "0:10:50"]
[BlackClock "0:01:38"]
[Variant "Standard"]

1. e4 {[%clk 1:30:54]}  c5 {[%clk 1:30:45]} 2. Nf3 {[%clk 1:31:17]}  d6 {[%clk 1:31:08]} 3. Bb5+ {[%clk 1:31:27]}  Nd7 {[%clk 1:31:05]} 4. O-O {[%clk 1:31:42]}  a6 {[%clk 1:31:22]} 5. Be2 {[%clk 1:32:05]}  Ngf6 {[%clk 1:31:32]} 6. d3 {[%clk 1:32:18]}  e6 {[%clk 1:30:05]} 7. a4 {[%clk 1:31:48]}  b6 {[%clk 1:30:02]} 8. Nfd2 {[%clk 1:31:44]}  Be7 {[%clk 1:26:47]} 9. f4 {[%clk 1:31:26]}  Bb7 {[%clk 1:26:21]} 10. Bf3 {[%clk 1:29:39]}  Qc7 {[%clk 1:23:48]} 11. Qe2 {[%clk 1:28:01]}  Rc8 {[%clk 1:11:04]} 12. Nc3 {[%clk 1:11:11]}  O-O {[%clk 1:09:31]} 13. g4 {[%clk 1:09:10]}  Nb8 {[%clk 1:08:36]} 14. Nd1 {[%clk 1:01:02]}  Nc6 {[%clk 1:08:34]} 15. c3 {[%clk 1:01:25]}  b5 {[%clk 0:59:10]} 16. Qg2 {[%clk 1:00:40]}  Nd7 {[%clk 0:52:13]} 17. g5 {[%clk 0:57:40]}  Kh8 {[%clk 0:34:20]} 18. Ne3 {[%clk 0:54:51]}  Nb6 {[%clk 0:32:58]} 19. axb5 {[%clk 0:46:06]}  axb5 {[%clk 0:33:26]} 20. h4 {[%clk 0:46:31]}  f5 {[%clk 0:25:17]} 21. exf5 {[%clk 0:31:27]}  exf5 {[%clk 0:16:34]} 22. Nd5 {[%clk 0:30:46]}  Nxd5 {[%clk 0:16:56]} 23. Bxd5 {[%clk 0:31:13]}  Rce8 {[%clk 0:16:33]} 24. h5 {[%clk 0:19:29]}  Bd8 {[%clk 0:15:59]} 25. Nb3 {[%clk 0:09:46]}  Qd7 {[%clk 0:15:23]} 26. c4 {[%clk 0:07:30]}  bxc4 {[%clk 0:06:53]} 27. dxc4 {[%clk 0:07:59]}  Re4 {[%clk 0:07:22]} 28. Bxe4 {[%clk 0:05:27]}  fxe4 {[%clk 0:07:51]} 29. Be3 {[%clk 0:03:13]}  Bb6 {[%clk 0:06:28]} 30. Rad1 {[%clk 0:02:47]}  Nd4 {[%clk 0:05:35]} 31. Nxd4 {[%clk 0:02:28]}  cxd4 {[%clk 0:06:03]} 32. Rxd4 {[%clk 0:02:01]}  Bxd4 {[%clk 0:06:27]} 33. Bxd4 {[%clk 0:02:28]}  e3 {[%clk 0:06:23]} 34. Qg3 {[%clk 0:02:33]}  Qc6 {[%clk 0:05:02]} 35. Bxe3 {[%clk 0:01:35]}  Qh1+ {[%clk 0:04:15]} 36. Kf2 {[%clk 0:02:05]}  Qxh5 {[%clk 0:04:36]} 37. Re1 {[%clk 0:02:56]}  Rc8 {[%clk 0:04:43]} 38. Bd4 {[%clk 0:02:16]}  Rxc4 {[%clk 0:03:58]} 39. Bc3 {[%clk 0:01:10]}  Qf7 {[%clk 0:03:50]} 40. Kg1 {[%clk 0:01:16]}  Kg8 {[%clk 0:03:09]} 41. Qe3 {[%clk 0:18:34]}  Re4 {[%clk 0:08:45]} 42. Qb6 {[%clk 0:12:44]}  Rxe1+ {[%clk 0:08:43]} 43. Bxe1 {[%clk 0:13:13]}  Qd5 {[%clk 0:08:36]} 44. Qd8+ {[%clk 0:13:20]}  Kf7 {[%clk 0:08:54]} 45. Qd7+ {[%clk 0:12:53]}  Kg6 {[%clk 0:08:40]} 46. Qg4 {[%clk 0:12:37]}  Qc5+ {[%clk 0:06:37]} 47. Kh2 {[%clk 0:12:20]}  Qc2+ {[%clk 0:06:45]} 48. Kg1 {[%clk 0:12:46]}  Bc8 {[%clk 0:04:22]} 49. Qg2 {[%clk 0:12:39]}  Qc4 {[%clk 0:04:05]} 50. Qd2 {[%clk 0:12:36]}  Qc6 {[%clk 0:02:26]} 51. Qd3+ {[%clk 0:10:42]}  Bf5 {[%clk 0:02:42]} 52. Qe2 {[%clk 0:11:08]}  Be4 {[%clk 0:02:13]} 53. Bc3 {[%clk 0:10:50]}  Qc5+ {[%clk 0:01:38]} 1/2-1/2

[Event "45th FIDE Chess Olympiad Open"]
[Site "Budapest, Hungary"]
[Date "2024.09.21"]
[Round "10"]
[White "Iordachescu, Viorel"]
[Black "Urkedal, Frode Olav Olsen"]
[Result "1/2-1/2"]
[Board "40"]
[WhiteFideId "13900200"]
[BlackFideId "1506102"]
[WhiteTitle "GM"]
[BlackTitle "GM"]
[WhiteElo "2572"]
[BlackElo "2546"]
[WhiteTeam "Moldova"]
[BlackTeam "Norway"]
[WhiteClock "0:16:17"]
[BlackClock "0:03:54"]
[Variant "Standard"]

1. d4 {[%clk 1:30:55]}  Nf6 {[%clk 1:30:50]} 2. c4 {[%clk 1:31:18]}  e6 {[%clk 1:31:15]} 3. Nf3 {[%clk 1:31:43]}  d5 {[%clk 1:31:23]} 4. Nc3 {[%clk 1:31:46]}  Be7 {[%clk 1:30:43]} 5. Bg5 {[%clk 1:31:46]}  h6 {[%clk 1:29:31]} 6. Bxf6 {[%clk 1:31:28]}  Bxf6 {[%clk 1:29:52]} 7. Rc1 {[%clk 1:29:14]}  O-O {[%clk 1:28:33]} 8. e3 {[%clk 1:29:09]}  c6 {[%clk 1:27:39]} 9. h4 {[%clk 1:28:30]}  Nd7 {[%clk 1:23:35]} 10. g4 {[%clk 1:22:32]}  g6 {[%clk 1:19:01]} 11. g5 {[%clk 1:18:37]}  hxg5 {[%clk 1:19:17]} 12. hxg5 {[%clk 1:18:54]}  Bxg5 {[%clk 1:19:04]} 13. Nxg5 {[%clk 1:12:42]}  Qxg5 {[%clk 1:19:27]} 14. f4 {[%clk 1:04:01]}  Qg3+ {[%clk 1:14:30]} 15. Kd2 {[%clk 1:04:23]}  c5 {[%clk 1:14:12]} 16. Rh3 {[%clk 0:47:29]}  Qf2+ {[%clk 1:13:22]} 17. Be2 {[%clk 0:47:49]}  Qg2 {[%clk 1:04:33]} 18. Qh1 {[%clk 0:33:56]}  Qxh1 {[%clk 1:04:56]} 19. Rcxh1 {[%clk 0:34:22]}  cxd4 {[%clk 1:04:43]} 20. Rh8+ {[%clk 0:27:18]}  Kg7 {[%clk 1:05:02]} 21. R1h7+ {[%clk 0:25:25]}  Kf6 {[%clk 1:05:24]} 22. exd4 {[%clk 0:25:51]}  dxc4 {[%clk 0:54:53]} 23. Bxc4 {[%clk 0:11:20]}  Rxh8 {[%clk 0:48:03]} 24. Rxh8 {[%clk 0:02:40]}  Ke7 {[%clk 0:38:46]} 25. Bd3 {[%clk 0:01:45]}  Nf8 {[%clk 0:33:56]} 26. Be4 {[%clk 0:01:52]}  Bd7 {[%clk 0:34:21]} 27. d5 {[%clk 0:02:19]}  Rd8 {[%clk 0:33:21]} 28. Ke3 {[%clk 0:02:43]}  Kd6 {[%clk 0:26:14]} 29. dxe6 {[%clk 0:01:57]}  Nxe6 {[%clk 0:25:45]} 30. Rh7 {[%clk 0:02:10]}  f5 {[%clk 0:25:16]} 31. Bxb7 {[%clk 0:02:16]}  Rb8 {[%clk 0:25:42]} 32. Bd5 {[%clk 0:02:13]}  Rxb2 {[%clk 0:25:26]} 33. Bb3 {[%clk 0:00:41]}  a5 {[%clk 0:21:20]} 34. Rh6 {[%clk 0:01:08]}  Rg2 {[%clk 0:21:10]} 35. Ne2 {[%clk 0:01:18]}  Bb5 {[%clk 0:20:34]} 36. Nd4 {[%clk 0:01:18]}  Nxd4 {[%clk 0:19:02]} 37. Kxd4 {[%clk 0:01:44]}  Be8 {[%clk 0:13:44]} 38. Bc4 {[%clk 0:01:04]}  Rg4 {[%clk 0:11:59]} 39. Ke3 {[%clk 0:01:12]}  Kc5 {[%clk 0:10:40]} 40. Be6 {[%clk 0:01:13]}  Bc6 {[%clk 0:02:53]} 41. Bf7 {[%clk 0:29:29]}  g5 {[%clk 0:33:02]} 42. fxg5 {[%clk 0:28:26]}  f4+ {[%clk 0:33:19]} 43. Kd2 {[%clk 0:28:00]}  f3 {[%clk 0:23:17]} 44. Rxc6+ {[%clk 0:19:33]}  Kxc6 {[%clk 0:21:26]} 45. g6 {[%clk 0:19:52]}  Rg2+ {[%clk 0:07:40]} 46. Ke3 {[%clk 0:19:52]}  f2 {[%clk 0:08:02]} 47. Ke2 {[%clk 0:20:15]}  Kd6 {[%clk 0:07:59]} 48. Kf1 {[%clk 0:20:39]}  Rg4 {[%clk 0:07:52]} 49. Kxf2 {[%clk 0:21:02]}  Ke5 {[%clk 0:08:20]} 50. Kf3 {[%clk 0:20:24]}  Rg5 {[%clk 0:08:44]} 51. Ke3 {[%clk 0:18:55]}  Rg3+ {[%clk 0:09:08]} 52. Kf2 {[%clk 0:19:18]}  Kf4 {[%clk 0:09:30]} 53. Ke2 {[%clk 0:19:27]}  Ke4 {[%clk 0:09:23]} 54. Kd2 {[%clk 0:19:31]}  a4 {[%clk 0:08:45]} 55. Kc2 {[%clk 0:19:26]}  Kd4 {[%clk 0:08:50]} 56. Kb2 {[%clk 0:18:33]}  a3+ {[%clk 0:06:46]} 57. Kc2 {[%clk 0:18:50]}  Ke5 {[%clk 0:06:59]} 58. Be8 {[%clk 0:17:36]}  Ke4 {[%clk 0:06:51]} 59. Bf7 {[%clk 0:16:51]}  Kd4 {[%clk 0:07:02]} 60. Be8 {[%clk 0:16:17]}  Rc3+ {[%clk 0:03:54]} 1/2-1/2

[Event "45th FIDE Chess Olympiad Open"]
[Site "Budapest, Hungary"]
[Date "2024.09.21"]
[Round "10"]
[White "Keymer, Vincent"]
[Black "Peralta, Fernando"]
[Result "1-0"]
[Board "41"]
[WhiteFideId "12940690"]
[BlackFideId "105309"]
[WhiteTitle "GM"]
[BlackTitle "GM"]
[WhiteElo "2730"]
[BlackElo "2558"]
[WhiteTeam "Germany"]
[BlackTeam "Argentina"]
[WhiteClock "0:06:48"]
[BlackClock "0:01:11"]
[Variant "Standard"]

1. c4 {[%clk 1:30:57]}  e6 {[%clk 1:30:29]} 2. Nc3 {[%clk 1:31:22]}  d5 {[%clk 1:30:50]} 3. d4 {[%clk 1:31:27]}  Nf6 {[%clk 1:31:07]} 4. cxd5 {[%clk 1:31:24]}  exd5 {[%clk 1:31:32]} 5. Bg5 {[%clk 1:31:24]}  Be7 {[%clk 1:31:46]} 6. e3 {[%clk 1:31:29]}  O-O {[%clk 1:32:06]} 7. Bd3 {[%clk 1:30:58]}  Re8 {[%clk 1:32:20]} 8. Nf3 {[%clk 1:24:50]}  h6 {[%clk 1:32:16]} 9. Bf4 {[%clk 1:23:00]}  c5 {[%clk 1:32:32]} 10. dxc5 {[%clk 1:17:53]}  Bxc5 {[%clk 1:32:19]} 11. O-O {[%clk 1:17:41]}  Nc6 {[%clk 1:32:16]} 12. Rc1 {[%clk 1:11:59]}  Bg4 {[%clk 1:31:14]} 13. Be2 {[%clk 1:07:23]}  a6 {[%clk 1:04:55]} 14. h3 {[%clk 1:02:05]}  Bh5 {[%clk 1:03:58]} 15. Qb3 {[%clk 0:36:59]}  Na5 {[%clk 1:01:19]} 16. Qa4 {[%clk 0:36:08]}  b5 {[%clk 0:58:55]} 17. Qd1 {[%clk 0:36:02]}  Rc8 {[%clk 0:52:45]} 18. Ne5 {[%clk 0:25:20]}  Bxe2 {[%clk 0:48:14]} 19. Nxe2 {[%clk 0:25:49]}  Qb6 {[%clk 0:33:16]} 20. Nd3 {[%clk 0:24:29]}  Bf8 {[%clk 0:29:14]} 21. Be5 {[%clk 0:23:43]}  Ne4 {[%clk 0:29:09]} 22. Rxc8 {[%clk 0:21:37]}  Rxc8 {[%clk 0:29:35]} 23. Ndf4 {[%clk 0:21:58]}  Nc4 {[%clk 0:23:50]} 24. Qxd5 {[%clk 0:18:43]}  Nf6 {[%clk 0:14:19]} 25. Bxf6 {[%clk 0:18:46]}  Qxf6 {[%clk 0:14:44]} 26. b3 {[%clk 0:13:01]}  Rd8 {[%clk 0:14:06]} 27. Qb7 {[%clk 0:13:22]}  Nd2 {[%clk 0:13:06]} 28. Re1 {[%clk 0:12:24]}  Bb4 {[%clk 0:11:27]} 29. Nd5 {[%clk 0:07:55]}  Nf3+ {[%clk 0:08:16]} 30. gxf3 {[%clk 0:08:24]}  Qg5+ {[%clk 0:08:30]} 31. Kf1 {[%clk 0:08:53]}  Bxe1 {[%clk 0:05:30]} 32. Ne7+ {[%clk 0:08:23]}  Kf8 {[%clk 0:02:03]} 33. Nc6 {[%clk 0:08:51]}  Bb4 {[%clk 0:01:24]} 34. Ned4 {[%clk 0:06:45]}  Bc5 {[%clk 0:00:39]} 35. f4 {[%clk 0:07:02]}  Qh4 {[%clk 0:00:40]} 36. Nxd8 {[%clk 0:07:23]}  Qxd8 {[%clk 0:01:07]} 37. Nf3 {[%clk 0:05:44]}  Qd3+ {[%clk 0:00:37]} 38. Kg2 {[%clk 0:06:02]}  Qg6+ {[%clk 0:00:34]} 39. Kh2 {[%clk 0:06:29]}  Kg8 {[%clk 0:00:46]} 40. Qc8+ {[%clk 0:06:22]}  Bf8 {[%clk 0:01:11]} 41. Ne5 {[%clk 0:06:48]} 1-0